000 00567nam a22002057a 4500
003 OSt
005 20220107122721.0
008 130821b xxu||||| |||| 00| 0 eng d
020 _a9780749466374
040 _cIIITM-K
082 0 0 _a658 OGU/S
100 1 _aOgunlaru, Rasheed,
_91994
245 1 0 _aSoul trader:
_bputting the heart back into your business
_cRasheed Ogunlaru
260 _aUSA,
_bKogan Page,
_c2012.
300 _axii, 257p.
650 0 _aMANAGEMENT
_91995
650 0 _aENTERPRENEURSHIP
_91996
650 0 _aCUSTOMER RELATIONS
_91997
942 _2ddc
_cBK
999 _c3268
_d3268